00597cam a2200181 450000100100000000500170001000800410002702000150006804000250008324500680010826000610017630000280023749000430026550400410030860000180034960000370036708200110040400001984020200929170147.0740710s1973 qucaf b 000 0 fre  a0840502249 aDO-SdBNPbspacBNPHU00aOzias Leduc et Paul-Emile Borduas /c[par G.-A. Vachon et al.]. aMontreal, :bPresses de l'Universite de Montreal,c1973. a152 p. :bil. ;c19 cm.0 aConférences J. A. de Séve ;v15-16 aIncluye referencias bibliográficas10aLeduc, Ozias.10aBorduas, Paul-Emile,d1905-1960.00a759.11